Dynamics of Structures / Theory and Applications to Earthquake Engineering (Record no. 9676)
[ view plain ]
| 000 -LEADER | |
|---|---|
| fixed length control field | 01817cam a22002054a 4500 |
| 005 - ΗΜΕΡΟΜΗΝΙΑ ΚΑΙ ΩΡΑ ΤΕΛΕΥΤΑΙΑΣ ΕΝΗΜΕΡΩΣΗΣ | |
| Πεδίο ελέγχου | 20250605164406.0 |
| 008 - FIXED-LENGTH DATA ELEMENTS--GENERAL INFORMATION | |
| Πεδίο ελέγχου σταθερού μήκους | 250528s ||||||||||||||||||||||||d |
| 035 ## - SYSTEM CONTROL NUMBER | |
| System control number | 24837 |
| 020 ## - ISBN | |
| ISBN | 9789353945251 |
| 040 ## - ΠΗΓΗ ΚΑΤΑΛΟΓΟΓΡΑΦΗΣΗΣ | |
| Φορέας πρωτότυπης καταλογογράφησης | MC Athens Campus Library |
| Γλώσσα καταλογογράφησης | Ελληνικά, Μοντέρνα (1453-) |
| Modifying agency | MC Athens Campus Library |
| Κανόνες περιγραφικής καταλογογράφησης | AACR2 |
| 245 1# - ΤΙΤΛΟΣ ΚΑΙ ΔΗΛΩΣΗ ΥΠΕΥΘΥΝΟΤΗΤΑΣ | |
| Τίτλος | Dynamics of Structures / Theory and Applications to Earthquake Engineering |
| 250 ## - EDITION STATEMENT | |
| Edition statement | 5th |
| 260 ## - PUBLICATION, DISTRIBUTION, ETC. | |
| Name of publisher, distributor, etc. | Pearson, |
| Date of publication, distribution, etc. | 2023 |
| 300 ## - PHYSICAL DESCRIPTION | |
| Extent | 960 |
| 520 ## - SUMMARY, ETC. | |
| Summary, etc. | The material in this book includes many topics in the theory of structure dynamics, along with applications of this theory to earthquake analysis, response, design, and evaluations of structures. Single-Degree of Freedom Systems, Equations of Motion and Problem Statement and Solution Methods, Free Vibration, Response to Harmonic and Periodic Excitations, Response to Arbitrary and Step and Pulse Excitations, Numerical Evaluation of Dynamic Response, Earthquake Response of Linear Systems, Earthquake Response of Inelastic Systems, Generalized Single-Degree-of-Freedom Systems, Multi Degree of Freedom Systems, Equations of Motion and Problem Statement and Solution Methods, Free Vibration, Damping in Structures, Dynamic Analysis and Response of Linear Systems, Earthquake Analysis of Linear Systems, Analysis of Non classically Damped Linear Systems, Reduction of Degrees of Freedom, Numerical Evaluation of Dynamic Response, Systems with Distributed Mass and Elasticity, Introduction to the Finite Element Method, Earthquake Response and Design and Evaluation of Multistory Building, Earthquake Response of Linearly Elastic Buildings, Earthquake Dynamics of Based-Isolated Buildings, Structural Dynamics in Building Codes, Structural Dynamics in Building Evaluation Guidelines, Appendices, Index. |
| 700 1# - ΠΡΟΣΘΕΤΗ ΑΝΑΓΡΑΦΗ--ΦΥΣΙΚΟ ΠΡΟΣΩΠΟ | |
| Personal name | Chopra Anil |
| 9 (RLIN) | 8117 |
| 942 ## - ADDED ENTRY ELEMENTS (KOHA) | |
| Koha item type | Books |
| Τύπος τεκμηρίου | Βιβλιοθήκη | Τρέχουσα τοποθεσία | Barcode | Αριθμός εισαγωγής | Ημερομηνία απόκτησης | Ταξιθετικό σύμβολο | Αριθμός αντιτύπου | Κατάσταση απόσυρσης | Κατάσταση χαμένου | Κατάσταση κατεστραμμένου | Μη δανεισμός | Σύνολο δανεισμών | Ημερομηνία τελευταίας εμφάνισης | Η τιμή ισχύει από |
|---|---|---|---|---|---|---|---|---|---|---|---|---|---|---|
| Books | MC Athens Campus Library | MC Athens Campus Library | 9780000096753 | 7778 | 05/06/2025 | 624.1762 CHO | 1 | 05/06/2025 | 05/06/2025 |